header

Writing to learn (Record no. 1368)

MARC details
000 -LEADER
fixed length control field 01449nam a2200373 a 4500
082 04 - DEWEY DECIMAL CLASSIFICATION NUMBER
Classification number 372.623
100 1# - MAIN ENTRY--AUTHOR NAME
Personal name Sedgwick, Fred.
245 10 - TITLE STATEMENT
Title Writing to learn
260 ## - PUBLICATION, DISTRIBUTION, ETC. (IMPRINT)
Place of publication London :
Name of publisher Routledge / Falmer,
Year of publication 2000.
300 ## - PHYSICAL DESCRIPTION
Number of Pages xxi,208p. :
Other physical details ill.
650 #0 - SUBJECT ADDED ENTRY--TOPICAL TERM
Topical Term Poetry
Topical Term Poetry
Topical Term Language experience approach in education.
Topical Term Creative writing (Elementary education)
Topical Term Literacy.
856 40 - ELECTRONIC LOCATION AND ACCESS
Uniform Resource Identifier http://site.ebrary.com/lib/rucke/Doc?id=5002108

No items available.

© 2026 Rongo University
Contact us: librarian | system librarian | Rongo university